K predsadeným poschodiam v gotickej architektúre

Bibliographic Details
Main Author: Fiala, Andrej, 1933- (Author)
Format: Article
Language:Slovak
PhysicalDescription:Fotogr.
ISBN:8089236081
Subjects:

MARC

LEADER 00000nab a2200000 ar4500
001 vtls008704650
003 SK-MaSNL
005 20260304001817.0
008 060529c2006 xo |r|p|||||||100 b|slo
015 |a SNBRA2006/05  |2 snkbucl 
038 |a SNKBUCL 
040 |a SNKBUCL  |b slo  |c SNKBUCL  |e AACR2 
041 1 |a slo  |b ger 
044 |a xo  |c SK 
080 |a 72.033.5  |2 2001 
080 |a 692.625  |x (437.6)  |2 2001 
080 |a 72.012.25  |x (437.6)  |2 2001 
100 1 |a Fiala, Andrej,  |d 1933-  |4 aut 
245 1 0 |a K predsadeným poschodiam v gotickej architektúre  |c Andrej Fiala 
300 |b Fotogr. 
504 |a Bibliogr. odkazy 
546 |a Res. nem. 
650 0 7 |a gotická architektúra  |2 snkbucl  |9 69695 
650 0 7 |a predsadené poschodia  |2 snkbucl  |9 1278648 
650 0 7 |a hrazdené poschodia  |2 snkbucl  |9 1278649 
773 0 |t Súvislosti slovenského umenia. Pocta Karolovi Kahounovi : jubilejný zborník 3  |d Bratislava : Stimul, 2006  |g S. 29-39  |z 8089236081 
852 |a SNK  |b KIS3GCP 
958 |a NB 
999 |c 2538828  |d 2540758